| 000 | 00380nam a2200157Ia 4500 | ||
|---|---|---|---|
| 005 | 20250516015129.0 | ||
| 008 | 240331s9999 xx 000 0 und d | ||
| 020 | _a9552003628 | ||
| 082 |
_a291.5 _bSEN |
||
| 100 | _aSenanayake, G.S.B | ||
| 245 | 0 | _aPrema geethaya | |
| 260 |
_aColombo _bS. Godake & Brothers _c1990 |
||
| 300 | _axix, 156 p ., | ||
| 650 | _aLove Story | ||
| 942 | _cL | ||
| 999 |
_c873 _d873 |
||